[Event "EICC 2009 "]
[Site "Budva"]
[Date "2009.03.06"]
[Round "1.12"]
[White "Erdogdu, Mert"]
[Black "Areshchenko, Alexander"]
[Result "1-0"]
[WhiteElo "2459"]
[BlackElo "2673"]
[Annotator "Âàñèëèé Ëåáåäåâ"]
[PlyCount "95"]
[EventDate "2009.03.06"]

1. e4 e5 2. Nf3 Nc6 3. Bb5 Nf6 4. d3 d6 5. c3 a6 6. Ba4 g6 7. O-O Bg7 8. Re1
O-O 9. Bg5 h6 10. Bh4 Qe8 11. Nbd2 Nd7 12. Bc2 f5 13. exf5 gxf5 {Î÷åâèäíî,
î ðàçûãðàëè áåëûå äåáþò áîëåå ÷åì íåïðèòÿçàòåëüíî, îäíàêî òåïåðü ïûòàþòñÿ
ïðîÿâèòü àêòèâíîñòü åäèíñòâåííî âîçìîæíûì, íà ìîé âçãëÿä, ïóò¸ì.} 14. d4 $1 e4
$1 {Ñîâåðøåííî ïðàâèëüíîå ðåøåíèå.} 15. Nxe4 $5 {Ëó÷øå óìåðåòü ñòîÿ...} ({
...÷åì  æèòü íà êîëåíÿõ ïîñëå} 15. Nf1 {è N3d2.}) 15... fxe4 16. Rxe4 $6 {
Ðèñê - áëàãîðîäíîå äåëî!} ({Â ñëó÷àå} 16. Bxe4 Qh5 ({íî} 16... Qf7 $142 $1 {
, è âîïðîñ î êîìïåíñàöèè áåëûõ çà îòäàííóþ ôèãóðó ñ÷èòàþ îòêðûòûì...}) {
íàä äîñêîé çâó÷àëè áû ñòàðèííûå, ëåãàëüíûå, íî îôîðìëåííûå íà íîâûé ëàä ìîòèâû:
} 17. Ne5 $1 Qxd1 $140 ({îäíàêî è çäåñü ìîæíî óêàçàòü íà ÷¸ðíûé «óêëîíèçì»:} 
17... Ndxe5 $1 18. Qxh5 Bg4 {, è ôåðçü îòûãðûâàåòñÿ, à ïîñëå ëó÷øåãî} 19. Bxc6
$1 {, âåäóùåãî ê ñëåäóþùåìó «ôîðñàæó»} Bxh5 ({ñëàáî} 19... bxc6 $2 {ââèäó}
20. Rxe5 $1 $18) 20. Bxb7 Rab8 21. Bxa6 Ng6 22. Bg3 Rxb2 {
ìíå êàæåòñÿ, ÷òî ïîëíîé êîìïåíñàöèè çà ôèãóðó ó áåëûõ íåò}) 18. Bd5+ Kh7 19.
Be4+ Kg8 $11) 16... Qh5 17. Qd3 {
Áàòàðåÿ áåëûõ ÿâíî âûöåëèâàåò âðàæåñêîãî êîðîëÿ.} Nb6 $4 {Óäèâèòåëüíûé äëÿ
øàõìàòèñòà òàêîãî êëàññà, êàê èãðàþùèé ÷¸ðíûìè ãðîññìåéñòåð, çåâîê.} ({
Ïîñëå ïðàâèëüíîãî} 17... Qb5 $1 {, ïðåñëåäóÿ ñèëüíåéøóþ âðàæåñêóþ ôèãóðó,
èíèöèàòèâà áåëûõ óòåêàëà, êàê âîäà â ïåñîê (} 18. c4 Qf5 {è ò.ä.)}) 18. Re6 $3
{Âñêðûòèå ëèíèè, ïåðåêðûòèå ëèíèè... Õîä äâóõ «âîñêëèêîâ» ÿâíî çàñëóæèâàåò!}
({À âîò áîëåå ýôôåêòíîå} 18. Re5 $6 {ïåðåâåñ, êàê ìèíèìóì, âûïóñêàëî} Nxe5 $1
19. Qh7+ Kf7 20. Bb3+ (20. Ng5+ Ke8) {
È òåïåðü ó ÷¸ðíûõ åñòü âîçìîæíîñòü «çàðûáèòüñÿ» áåç îñîáûõ ïðîáëåì:} 20...
Nec4 21. Ng5+ Kf6 $1 ({âèäèìî, ñëàáåå} 21... Qxg5 22. Bxg5 hxg5 {èç-çà} 23. Re1
{ñ èäååé Re3-f3, ïðîäîëæàÿ àòàêó}) 22. Ne4+ Kf7 23. Ng5+ Kf6 {
, ñ ïîâòîðåíèåì õîäîâ.}) 18... Rxf3 $1 {Ìåíüøåå èç çîë.} ({Åñëè} 18... Bxe6 {
, òî} 19. Qh7+ Kf7 20. Ng5+ $1 {
, è ÷¸ðíûå íå ïîëó÷àþò çà ôåðçÿ äîñòàòî÷íîé êîìïåíñàöèè:} Qxg5 (20... hxg5
21. Qxh5+) 21. Bxg5 hxg5 22. Qg6+ {, ñúåäàÿ îäíîãî èç ñëîíîâ.}) 19. Qh7+ Kf8
20. Bg6 $1 Bxe6 21. Bxh5 Bf5 22. Bg6 Bxg6 23. Qxg6 Rf7 24. Re1 $16 {È áåëûå ïîñòåïåííî, êàê ãîâîðèòñÿ ìåäëåííî, íî âåðíî ðåàëèçîâàëè ñâîé ïåðåâåñ,
îðãàíèçîâàâ ïåøå÷íîå íàñòóïëåíèå íà êîðîëåâñêîì ôëàíãå, è íè÷åãî êðóïíîãî ïî
ïóòè íå çåâíóâ! Îäíàêî, âñ¸ æå ñëåäóåò ïðèçíàòü, ÷òî áåç ñóùåñòâåííîé ïîìîùè
ñîïåðíèêà òóò íå îáîøëîñü...} Nd5 25. Qc2 Nde7 26. g4 $1 {Îòíÿëè ïîëå ó êîíÿ.}
b5 27. Bg3 Nd5 28. Qe4 Nce7 29. f4 Rb8 30. f5 h5 31. h3 Bf6 32. Bf4 hxg4 33.
hxg4 Nxf4 34. Qxf4 {Ñåðèÿ ïîñëåäíèõ õîäîâ áåëûõ áûëà íå ëó÷øåé...} Nd5 ({
Çàñëóæèâàëî âíèìàíèÿ} 34... b4 $1 {(âåäü äëÿ ÷åãî òîãäà ÷¸ðíàÿ ëàäüÿ
âûõîäèëà íà b8?), ñ èäåé ñïðîâîöèðîâàòü ñîïåðíèêà íà} 35. g5 $5 ({åñëè} 35. c4 {
, òî} Nc6 $1 $132 {è êàê-òî íåóêëþæå çäåñü âûãëÿäèò, áåçóñëîâíî, ñèëüíåéøåå}
36. Re4 {...}) 35... Bxg5 36. Qxg5 Rg7 37. Qxg7+ $1 Kxg7 38. Rxe7+ Kf6 39. Rxc7
bxc3 40. bxc3 {, õîòÿ ïîñëå î÷åâèäíîãî} Rb2 {
÷¸ðíûå (ÈÌÕÎ) áëèçêè ê ñïàñåíèþ êàê íèêîãäà â ýòîé ïàðòèè...}) 35. Qf3 c6 $2
{Ñîçäàâàÿ ñåáå î÷åðåäíóþ ñëàáîñòü, ÷åì ïðîòèâíèê íåìåäëåííî ïîëüçóåòñÿ.} 36.
Re6 ({Íåïëîõî áûëî è} 36. Qg3 $5 Rd8 37. Re6 {è ò.ä.}) 36... Re8 37. Qg3 Be7 ({
Íå óäåðæàòü ÷¸ðíûì ïîçèöèþ è ïîñëå} 37... Rxe6 38. fxe6 Rc7 39. Qxd6+ {è ò.ä.
}) 38. Qh2 Rg7 ({Èëè} 38... Kg8 39. Rg6+ Rg7 40. Qh6 $18 {Òî åñòü:} Rxg6 41.
Qxg6+ Kf8 42. g5) 39. Qh8+ Kf7 40. Qh5+ Kf8 41. Rg6 Bf6 ({«Èëè»} 41... Nf6
42. Qh8+ Rg8 43. Rxf6+ $1 {ñ ýïîëåòíûì ìàòîì.}) 42. g5 {
Áåëàÿ ëàâèíà ñìåòàåò âñ¸...} Rxg6 43. Qxg6 Re1+ 44. Kf2 Re2+ {Ëîâóøå÷êà...}
45. Kf1 ({Êîíå÷íî, íå} 45. Kxe2 $4 Nf4+) 45... Re4 46. gxf6 Rg4 47. Qh7 Nxf6
48. Qc7 {, è ÷¸ðíûå äàëèñü, âåäü ñîâñåì ñêîðî îíè ïîòåðÿþò âñå ñâîè ïåøêè...}
1-0